[Event "Leiden op-B 12th"]
[Site "Leiden"]
[Date "2018.07.14"]
[Round "2"]
[White "Sandijck, Pieter"]
[Black "Lammers, Anton"]
[Result "0-1"]
[WhiteElo "1818"]
[BlackElo "1756"]
[PlyCount "46"]
[EventDate "2018.07.13"]
[EventType "swiss"]
[EventRounds "9"]
[EventCountry "NED"]
[SourceTitle "EXT 2019"]
[Source "ChessBase"]
[SourceDate "2018.10.10"]
[SourceVersion "1"]
[SourceVersionDate "2018.10.10"]
[SourceQuality "1"]

1. e4 c5 2. Nf3 a6 3. d4 cxd4 4. Nxd4 Nf6 5. Nc3 d6 6. Be2 Nbd7 7. Be3 e6 8. Qd2 b5 9. a3 Bb7 10. f3 Qc7 11. g4 h6 12. 0-0-0 Ne5 13. h4 Rc8 14. g5 Nh5 15. Rdg1 hxg5 16. hxg5 g6 17. Qd1 Nc4 18. Bxc4 Qxc4 19. Qe2 Qc7 20. Na2 Ng3 21. Qg2 Nxh1 22. Rxh1 Rxh1+ 23. Qxh1 e5 0-1

[Event "Leiden LCT op-B 11th"]
[Site "Leiden"]
[Date "2017.07.20"]
[Round "6"]
[White "Sandijck, Pieter"]
[Black "Noordijk, Ed"]
[Result "1-0"]
[WhiteElo "1782"]
[BlackElo "1879"]
[PlyCount "23"]
[EventDate "2017.07.14"]
[EventType "swiss"]
[EventRounds "9"]
[EventCountry "NED"]
[SourceTitle "EXT 2018"]
[Source "ChessBase"]
[SourceDate "2017.10.13"]
[SourceVersion "1"]
[SourceVersionDate "2017.10.13"]
[SourceQuality "1"]

1. e4 d6 2. d4 Nf6 3. Nc3 Nbd7 4. f4 e5 5. fxe5 dxe5 6. Nf3 Bb4 7. Bd3 exd4 8. Nxd4 Ne5 9. Nf3 Bg4 10. Bg5 Bxf3 11. gxf3 Qd4 12. Bb5+ 1-0

[Event "Leiden LCT op-B 11th"]
[Site "Leiden"]
[Date "2017.07.16"]
[Round "3"]
[White "Hilarius, Sander"]
[Black "Sandijck, Pieter"]
[Result "1-0"]
[WhiteElo "1941"]
[BlackElo "1782"]
[PlyCount "69"]
[EventDate "2017.07.14"]
[EventType "swiss"]
[EventRounds "9"]
[EventCountry "NED"]
[SourceTitle "EXT 2018"]
[Source "ChessBase"]
[SourceDate "2017.10.13"]
[SourceVersion "1"]
[SourceVersionDate "2017.10.13"]
[SourceQuality "1"]

1. d4 d5 2. c4 Nf6 3. Nc3 e6 4. cxd5 exd5 5. Bg5 Be7 6. e3 0-0 7. Bd3 c6 8. Nge2 Nbd7 9. f3 Re8 10. Bh4 Nf8 11. 0-0 Ng6 12. Bf2 Bd6 13. Kh1 Qc7 14. Bg1 Nh4 15. e4 dxe4 16. fxe4 Be7 17. e5 Nd5 18. Nxd5 cxd5 19. Nf4 Qd8 20. b3 Bg5 21. g3 Ng6 22. Qf3 Nxf4 23. gxf4 Bh6 24. Bf2 g6 25. f5 Bxf5 26. Bxf5 gxf5 27. Rg1+ Kh8 28. Qxf5 Qe7 29. Qh5 Qe6 30. Bh4 Rg8 31. Bf6+ Bg7 32. Rxg7 Rxg7 33. Rg1 Rag8 34. Qh6 Qxf6 35. Qxf6 1-0

[Event "Guernsey Holiday op"]
[Site "Guernsey"]
[Date "2010.10.22"]
[Round "6"]
[White "Sandijck, Pieter"]
[Black "Kearsley, Raymond J"]
[Result "1-0"]
[WhiteElo "1698"]
[BlackElo "1688"]
[PlyCount "115"]
[EventDate "2010.10.17"]
[EventType "swiss"]
[EventRounds "7"]
[EventCountry "GCI"]
[SourceTitle "EXT 2013"]
[Source "ChessBase"]
[SourceDate "2012.11.22"]
[SourceVersion "1"]
[SourceVersionDate "2012.11.22"]
[SourceQuality "1"]

1. d4 Nf6 2. c4 g6 3. Nc3 d5 4. Bf4 Bg7 5. e3 0-0 6. Nf3 c6 7. Be2 Nbd7 8. Ne5 dxc4 9. Nxc4 Nd5 10. Bg3 b5 11. Nxd5 cxd5 12. Nd2 e5 13. Nb3 Bb7 14. 0-0 Qb6 15. Rc1 Rac8 16. Qd2 a5 17. Qxa5 Qxa5 18. Nxa5 Ba6 19. Rc6 Rxc6 20. Nxc6 exd4 21. exd4 Nb6 22. b3 Re8 23. Bf3 Bb7 24. Ne5 Rc8 25. Bf4 Rc2 26. Ra1 Bf8 27. Bd1 Rc8 28. Rc1 Ba3 29. Rxc8+ Bxc8 30. Bc2 Bb2 31. Be3 Bb7 32. Nd3 Bc3 33. Nc5 Bc8 34. a4 bxa4 35. Nxa4 Nxa4 36. bxa4 Kf8 37. f3 Ke7 38. Kf2 Bd7 39. g4 Kd6 40. h4 f6 41. h5 f5 42. Bf4+ Ke6 43. Be5 Be8 44. h6 Bd2 45. Bg7 Bd7 46. gxf5+ gxf5 47. Ke2 Bg5 48. Kd3 Kf7 49. Kc3 Bd8 50. Kb4 Ke6 51. Bd3 Kd6 52. Be5+ Ke6 53. Bb5 Bc8 54. a5 Be7+ 55. Ka4 Bb7 56. a6 Ba8 57. Be8 Bd8 58. Kb5 1-0

[Event "Guernsey Holiday op"]
[Site "Guernsey"]
[Date "2010.10.19"]
[Round "3"]
[White "Kershaw, Graham J"]
[Black "Sandijck, Pieter"]
[Result "1-0"]
[WhiteElo "1664"]
[BlackElo "1698"]
[PlyCount "105"]
[EventDate "2010.10.17"]
[EventType "swiss"]
[EventRounds "7"]
[EventCountry "GCI"]
[SourceTitle "EXT 2013"]
[Source "ChessBase"]
[SourceDate "2012.11.22"]
[SourceVersion "1"]
[SourceVersionDate "2012.11.22"]
[SourceQuality "1"]

1. e4 e6 2. d4 d5 3. Nd2 Nf6 4. e5 Nfd7 5. c3 c5 6. Bd3 Nc6 7. Ne2 Qb6 8. Nf3 cxd4 9. cxd4 Bb4+ 10. Bd2 Bxd2+ 11. Qxd2 Qb4 12. 0-0 Qxd2 13. Nxd2 f6 14. f4 f5 15. Rac1 a6 16. Nb3 0-0 17. Nc3 Nb6 18. a4 Nb4 19. Be2 Nc4 20. Bxc4 dxc4 21. Nd2 Rd8 22. Nxc4 Rxd4 23. Nb6 Rb8 24. Rfd1 Rxd1+ 25. Rxd1 Nc6 26. Nb1 Kf8 27. Na3 Ke7 28. Nac4 h6 29. Nd6 Na7 30. Kf2 g6 31. h4 h5 32. g3 Bd7 33. Nxf5+ gxf5 34. Rxd7+ Ke8 35. Rh7 Rd8 36. Nc4 Rd4 37. Nd6+ Kf8 38. Rxb7 Nc6 39. Rc7 Nb4 40. Rf7+ Kg8 41. Re7 Rd2+ 42. Ke1 Rxb2 43. Rxe6 Nd3+ 44. Kf1 Rf2+ 45. Kg1 Ra2 46. Nxf5 Ra1+ 47. Kg2 Ra2+ 48. Kf3 Ne1+ 49. Ke3 Nc2+ 50. Kd3 Ne1+ 51. Kc3 Rxa4 52. Re7 a5 53. Ra7 1-0